01241cam a22003011 4500001000800000005001700008008004100025010001700066035001800083040005500101041001100156042001200167050001700179082001700196100003300213245016100246260005300407300002800460504005000488505012200538650003200660942002100692999001700713336002600730337002800756338002700784952012800811981080120240818092928.0730207s1956 ne a b 000 0 eng c aa 57008603  a(OCoLC)555095 aTemple Univ. LibrarycODaWUdOCoLCdCLOdNjWPdDLC1 aengund apremarc00aQD151b.R443 222a546bREM1 aRemy, Heinrich,d1890-9796710aTreatise on Inorganic Chemistry.Vol.1 Introduction and main groups of the periodic table/cby H. Remy; Translated by J. S. Anderson; Edited by J. Kleinberg. aAmsterdam,aNew York,bElsevier Pub. Co.,c1956.8 a856p. :bill. ;c26 cm. aIncludes bibliographical references and index0 av. 1. Introduction and main groups of the periodic table.--v. 2. Sub-groups of the periodic table and general topics. 0aChemistry, Inorganic.97968 2ddccBBhRDA-MOD c12330d12330 2rdacontentatextbtxt aunmediated2rdamediabn avolumebnc2rdacarrier 00102ddc3 40708Alef-BaaaMAINbMAINc1STd2009-07-12ePurchaseg150.00l0o546 REMp000017434r2025-07-15 00:00:00yBB